• 首页
  • 本馆介绍
  • 公告通知
  • 最新文献
  • 馆藏检索
  • 电子资源
  • 读者导购
  • 参考咨询
  • 我的图书馆
  • 登录
  • 详细信息显示
  • 放入我的书架
  • 预约/预借图书
  • 作者相关作品
  • 分类相关作品
  • 丛书相关作品
  • 出版社相关作品

书目信息

  • 表格格式
  • 工作单格式
  • 卡片格式
题名:
全国针刺麻醉资料汇编
    
 
作者: ;全国针刺麻醉学习班选编组 编
分册:  
出版信息: 上海   上海人民出版社  1971
页数: 200页
开本: 19cm
丛书名:
单 册:
中图分类: R246.2-53
科图分类:
主题词: 针刺麻醉 , 中医学:临床医学
电子资源:
ISBN:
000 00703nam0 2200241 45 980
001 0653577534
005 20060803145317.42
010    @dCNY0.37
091    @a14.4.108
100    @a19970417d1971 em y0chiy0121 ea
101 0  @achi
102    @aCN@b310000
105    @afk z 000yy
106    @ar
200 10 @a全国针刺麻醉资料汇编@Aquan guo zhen ci ma zui zi liao hui bian@f全国针刺麻醉学习班编
210    @a上海@c上海人民出版社@d1971
215    @a200页@c图表@d19cm
606    @a针刺麻醉
606 0  @a中医学:临床医学
690    @aR246.2-53@v3
711 02 @a全国针刺麻醉学习班选编组@4编@Aquan guo zhen ci ma zui xue xi ban xuan bian zu
801 0  @c20060803
905    @a10447@dR246.2-53@e141
    
    全国针刺麻醉资料汇编/全国针刺麻醉学习班编 .-上海:上海人民出版社,1971
    200页:图表;19cm
    
    
    ISBN :CNY0.37
    
●
相关链接 在E读中查询图书 在五车中查询图书 在当当中查询图书 在豆瓣中查询图书


正题名:全国针刺麻醉资料汇编     索取号:R246.2-53/141         预约/预借

序号 登录号 条形码 馆藏地/架位号 状态 备注
1 0439598   204395984   密集书库/ [索取号:R246.2-53/141] 在馆    
唐山师范学院图书馆 欢迎您!
大连网信软件有限公司© 版权所有